Gestión de agua urbana : abastecimiento y saneamiento /
Libro sobre los servicios urbanos del agua en España. Incluye la administración, el abasto, las cuestiones económico-financieras de las tarifas, la determinación de costos, el marco jurídico, los impuestos y contribuciones.
Gardado en:
| Autor Principal: | |
|---|---|
| Formato: | Libro |
| Idioma: | Lingua castelá |
| Publicado: |
Madrid, España :
Colegio de Ingenieros de Caminos, Canales y Puertos : Asociación Española de Abastecimientos de Agua y Saneamiento,
1995, c1995
|
| Series: | (Seinor ;
14) |
| Temas: | |
| Etiquetas: |
Sen Etiquetas, Sexa o primeiro en etiquetar este rexistro!
|
MARC
| LEADER | 00000nam^a2200000^a^4500 | ||
|---|---|---|---|
| 001 | 000121126 | ||
| 005 | 20250521000000.0 | ||
| 009 | 20260310094416.505 | ||
| 020 | |a 84-380-0089-4 | ||
| 037 | |a Acervo ITESO - Biblioteca | ||
| 041 | |a ESP | ||
| 082 | |a 628. 1 |b FER | ||
| 100 | |a Fernández Pérez, Daniel V. |e (autor) | ||
| 245 | 1 | 0 | |a Gestión de agua urbana : |b abastecimiento y saneamiento / |c D.V. Fernández Pérez ; pról. de José A. Revilla Cortezón. |
| 264 | 4 | |a Madrid, España : |b Colegio de Ingenieros de Caminos, Canales y Puertos : |b Asociación Española de Abastecimientos de Agua y Saneamiento, |c 1995, c1995 | |
| 300 | |a 306 p. | ||
| 336 | |a texto |b txt |2 rdacontenido | ||
| 337 | |a sin mediación |b n |2 rdamedio | ||
| 338 | |a volumen |b nc |2 rdasoporte | ||
| 440 | 1 | |a (Seinor ; |v 14) | |
| 520 | |a Libro sobre los servicios urbanos del agua en España. Incluye la administración, el abasto, las cuestiones económico-financieras de las tarifas, la determinación de costos, el marco jurídico, los impuestos y contribuciones. | ||
| 649 | |a XX | ||
| 650 | |a Sistema de Agua Potable - |x Administración - |x Tema Principal | ||
| 650 | |a Agua - |x Abastecimiento - |z Bilbao, España | ||
| 650 | |a Agua - |x Abastecimiento - |z España | ||
| 650 | |a Agua - |x Aspectos Jurídicos | ||
| 650 | |a Agua - |x Aspectos Económicos | ||
| 650 | |a Agua Potable | ||
| 650 | |a Administración Pública | ||
| 650 | |a Ingeniería Sanitaria | ||
| 650 | |a Ingeniería Civil | ||
| 910 | |a Fondo General | ||
| 920 | |a Impresos - Libros | ||
| 930 | |a Colección General | ||
| 905 | |a 101 | ||
| 901 | |a 0500055884 |b IT1 |c ACC |u 20250521 | ||
| 902 | |a https://opac.biblio.iteso.mx/vufind/Record/000121126 | ||